Dopady prijatých opatrení COVID-19 na sektorovú štruktúru firiem na Slovensku

Vplyv opatrení zavedených v súvislosti s pandémiou COVID-19 na sektorovú štruktúru firiem na Slovensku. Vplyv pandémie na príjmy a zamestnanosť spoločností počas prvej a druhej vlny COVID-19. Subjektívne postoje zamestnávateľov k prijatej štátnej pomoci. Stanovenie efektívnejších a flexibilnejších o...

Full description

Saved in:
Bibliographic Details
Main Author: Honzová, Stanislava
Other Authors: Pisár, Peter
Format: Book Chapter
Language:Slovak
Subjects:
Tags: Add Tag
No Tags, Be the first to tag this record!

MARC

LEADER 00000naa a2200000 4500
001 0288497
005 20240417075218.4
041 0 |a slo 
044 |a SK 
245 1 0 |a Dopady prijatých opatrení COVID-19 na sektorovú štruktúru firiem na Slovensku  |c Stanislava Honzová, Peter Pisár 
520 |a Vplyv opatrení zavedených v súvislosti s pandémiou COVID-19 na sektorovú štruktúru firiem na Slovensku. Vplyv pandémie na príjmy a zamestnanosť spoločností počas prvej a druhej vlny COVID-19. Subjektívne postoje zamestnávateľov k prijatej štátnej pomoci. Stanovenie efektívnejších a flexibilnejších opatrení s minimalizáciou negatív. 
610 2 0 |a podnikatelia 
610 2 0 |a podnik 
610 2 0 |a pomoc štátna 
610 2 0 |a zamestnanosť 
610 2 0 |a koronakríza 
610 2 0 |a koronavírus 
610 2 0 |a príjmy 
610 2 0 |a Slovensko 
100 1 |a Honzová, Stanislava 
700 1 |a Pisár, Peter